[Event "Mittelrhein Verbandsliga Sued 1920"]
[Site "Mittelrhein"]
[Date "2020.01.19"]
[Round "5.7"]
[White "Klapp, Juergen"]
[Black "Schiffer, Alphons"]
[Result "1/2-1/2"]
[WhiteElo "1818"]
[BlackElo "1788"]
[PlyCount "111"]
[EventDate "2019.09.29"]
[EventType "team-tourn"]
[EventRounds "9"]
[EventCountry "GER"]
[SourceTitle "EXT 2023"]
[Source "ChessBase"]
[SourceDate "2022.10.05"]
[SourceVersion "1"]
[SourceVersionDate "2022.10.05"]
[SourceQuality "1"]
[WhiteTeam "Bruehl III"]
[BlackTeam "Erftstadt SV"]
[WhiteTeamCountry "GER"]
[BlackTeamCountry "GER"]

1. c4 b6 2. d4 e6 3. Nf3 Bb7 4. Nc3 Nf6 5. Bf4 Bb4 6. a3 Bxc3+ 7. bxc3 0-0 8. e3 d6 9. Nd2 Qe7 10. Qc2 h6 11. Bg3 Nbd7 12. f3 c5 13. e4 Nh5 14. 0-0-0 cxd4 15. cxd4 d5 16. Kb2 dxc4 17. Nxc4 Nxg3 18. hxg3 Rfc8 19. Qd2 Ba6 20. Nd6 Qxd6 21. Bxa6 Rc7 22. Qf4 e5 23. dxe5 Qxe5+ 24. Qxe5 Nxe5 25. Rd5 f6 26. Rc1 Rxc1 27. Kxc1 Re8 28. Kd2 Re7 29. Bb5 Rc7 30. a4 Kf7 31. f4 Ng4 32. Bd7 h5 33. e5 Rc2+ 34. Kd3 Rxg2 35. e6+ Ke7 36. Rxh5 Rxg3+ 37. Ke4 Nf2+ 38. Kd4 Rh3 39. Rxh3 Nxh3 40. f5 Nf4 41. Kc4 g5 42. fxg6 Nxg6 43. Kb5 Nf8 44. Bc8 Nxe6 45. Ka6 Nc5+ 46. Kxa7 Kd8 47. Kxb6 Nxa4+ 48. Kb7 Ke7 49. Kc6 Nc3 50. Kc5 Ne4+ 51. Kd4 Ng5 52. Bf5 Kd6 53. Bg4 Nf7 54. Bf5 Ne5 55. Ke4 Nc4 56. Bh7 1/2-1/2

[Event "Mittelrhein Verbandsliga-S 18/19"]
[Site "Nordrheinwestfalen"]
[Date "2019.02.10"]
[Round "7.8"]
[White "Klapp, Juergen"]
[Black "Selbach, Johannes"]
[Result "1/2-1/2"]
[WhiteElo "1810"]
[BlackElo "1527"]
[PlyCount "67"]
[EventDate "2018.09.02"]
[EventType "team-tourn"]
[EventRounds "11"]
[EventCountry "GER"]
[SourceTitle "EXT 2022"]
[Source "ChessBase"]
[SourceDate "2021.10.06"]
[SourceVersion "1"]
[SourceVersionDate "2021.10.06"]
[SourceQuality "1"]
[WhiteTeam "Bruehl II"]
[BlackTeam "Bergische SF II"]
[WhiteTeamCountry "GER"]
[BlackTeamCountry "GER"]

1. c4 Nf6 2. Nc3 d5 3. cxd5 Nxd5 4. Nf3 e6 5. g3 Nd7 6. Bg2 c6 7. 0-0 Be7 8. e4 Nxc3 9. dxc3 0-0 10. Bf4 Nf6 11. Qc2 b5 12. Rad1 Qb6 13. Bd6 Bxd6 14. Rxd6 Bb7 15. b4 Rfd8 16. Rfd1 Rxd6 17. Rxd6 g6 18. Nd2 Qc7 19. Rd3 c5 20. bxc5 Qxc5 21. Nb3 Qc7 22. Re3 Rc8 23. Nd2 Ng4 24. Rd3 Ne5 25. Re3 f6 26. Bf1 b4 27. c4 Kg7 28. a3 a5 29. axb4 axb4 30. Qa4 Nc6 31. Qb5 Ra8 32. Nb3 Ra3 33. Nc5 Bc8 34. Rb3 1/2-1/2

[Event "Mittelrhein Verbandsliga-S 18/19"]
[Site "Nordrheinwestfalen"]
[Date "2018.11.18"]
[Round "4.7"]
[White "Klapp, Juergen"]
[Black "Hilpert, Rainer"]
[Result "1-0"]
[WhiteElo "1810"]
[BlackElo "1962"]
[PlyCount "87"]
[EventDate "2018.09.02"]
[EventType "team-tourn"]
[EventRounds "11"]
[EventCountry "GER"]
[SourceTitle "EXT 2022"]
[Source "ChessBase"]
[SourceDate "2021.10.06"]
[SourceVersion "1"]
[SourceVersionDate "2021.10.06"]
[SourceQuality "1"]
[WhiteTeam "Bruehl II"]
[BlackTeam "Rheinbacher SF"]
[WhiteTeamCountry "GER"]
[BlackTeamCountry "GER"]

1. Nf3 d5 2. c3 Nf6 3. d3 Nc6 4. Bg5 e5 5. Nbd2 Be7 6. e4 0-0 7. Qb3 dxe4 8. dxe4 Rb8 9. Bb5 Be6 10. Qc2 Nd7 11. Be3 a6 12. Bc4 Bg4 13. Bd5 Bf6 14. h3 Be6 15. Bxe6 fxe6 16. Rd1 Qe7 17. b4 g6 18. Nb3 Rfd8 19. 0-0 Nf8 20. Nc5 Rd6 21. Qb3 a5 22. b5 Nd8 23. a4 Nf7 24. Rd2 b6 25. Na6 Rbd8 26. Rfd1 Rxd2 27. Rxd2 Nd6 28. Qc2 Nb7 29. Rxd8 Qxd8 30. Qd2 Nd6 31. Qd3 Nb7 32. Qxd8 Bxd8 33. Nxe5 Nd6 34. f3 Bf6 35. Bd4 Ne8 36. Kf2 Kg7 37. Ke3 g5 38. g3 Ng6 39. Nxg6 Kxg6 40. c4 e5 41. Bc3 Kf7 42. c5 Ke6 43. Nxc7+ Nxc7 44. cxb6 1-0

[Event "Mittelrhein Verbandsliga-S 17/18"]
[Site "Nordrheinwestfalen"]
[Date "2018.01.14"]
[Round "6.8"]
[White "Klapp, Juergen"]
[Black "Krebs, Dietmar"]
[Result "1/2-1/2"]
[WhiteElo "1804"]
[BlackElo "1904"]
[PlyCount "65"]
[EventDate "2017.09.10"]
[EventType "team-tourn"]
[EventRounds "11"]
[EventCountry "GER"]
[SourceTitle "EXT 2022"]
[Source "ChessBase"]
[SourceDate "2021.10.06"]
[SourceVersion "1"]
[SourceVersionDate "2021.10.06"]
[SourceQuality "1"]
[WhiteTeam "Bruehl II"]
[BlackTeam "Koeln Lasker II"]
[WhiteTeamCountry "GER"]
[BlackTeamCountry "GER"]

1. Nf3 c5 2. d3 Nf6 3. c3 Nc6 4. Bg5 g6 5. Nbd2 Bg7 6. e4 h6 7. Bh4 d6 8. Be2 0-0 9. Qb3 a6 10. Nc4 b5 11. Ne3 Be6 12. Qc2 b4 13. 0-0 Qd7 14. Bxf6 Bxf6 15. Nd5 Bxd5 16. exd5 Ne5 17. Nxe5 Bxe5 18. Bf3 bxc3 19. bxc3 Rab8 20. Rab1 Qc7 21. c4 Qa5 22. g3 Kg7 23. Rb3 Rxb3 24. Qxb3 f5 25. Qc2 Rb8 26. Rb1 Rb4 27. Rxb4 Qxb4 28. Bd1 Bd4 29. Qe2 Bf6 30. Kg2 a5 31. a4 Qb2 32. Qxb2 Bxb2 33. f4 1/2-1/2

[Event "Mittelrhein Verbandsliga-S 17/18"]
[Site "Nordrheinwestfalen"]
[Date "2017.10.22"]
[Round "3.8"]
[White "Klapp, Juergen"]
[Black "Kohlhas, Christopher"]
[Result "1/2-1/2"]
[WhiteElo "1804"]
[BlackElo "1866"]
[PlyCount "25"]
[EventDate "2017.09.10"]
[EventType "team-tourn"]
[EventRounds "11"]
[EventCountry "GER"]
[SourceTitle "EXT 2022"]
[Source "ChessBase"]
[SourceDate "2021.10.06"]
[SourceVersion "1"]
[SourceVersionDate "2021.10.06"]
[SourceQuality "1"]
[WhiteTeam "Bruehl II"]
[BlackTeam "Rheinbacher SF"]
[WhiteTeamCountry "GER"]
[BlackTeamCountry "GER"]

1. Nf3 d5 2. d3 Nf6 3. g3 c5 4. c3 Nc6 5. Bg2 Bg4 6. Nbd2 e6 7. Qa4 Bd6 8. e4 0-0 9. Nh4 Ne5 10. Qc2 c4 11. dxc4 Nxc4 12. Nxc4 dxc4 13. Be3 1/2-1/2

[Event "Mittelrhein Verbandsliga-O 15/16"]
[Site "Nordrheinwestfalen"]
[Date "2015.10.18"]
[Round "3"]
[White "Klapp, Juergen"]
[Black "Bussard, Achim"]
[Result "1/2-1/2"]
[WhiteElo "1811"]
[BlackElo "1828"]
[PlyCount "41"]
[EventDate "2015.09.06"]
[EventType "team-tourn"]
[EventRounds "11"]
[EventCountry "GER"]
[SourceTitle "EXT 2022"]
[Source "ChessBase"]
[SourceDate "2021.10.06"]
[SourceVersion "1"]
[SourceVersionDate "2021.10.06"]
[SourceQuality "1"]
[WhiteTeam "Bruehl III"]
[BlackTeam "Niederkassel II"]
[WhiteTeamCountry "GER"]
[BlackTeamCountry "GER"]

1. a3 Nf6 2. Nf3 d5 3. g3 g6 4. Bg2 Bg7 5. 0-0 0-0 6. d3 a5 7. c3 b6 8. Bg5 Bb7 9. Nbd2 Nbd7 10. Qc2 h6 11. Bxf6 Nxf6 12. e4 c5 13. Rfe1 e6 14. exd5 Bxd5 15. Ne4 Qc7 16. Nfd2 Rad8 17. Nxf6+ Bxf6 18. Bxd5 Rxd5 19. Ne4 Bg7 20. f4 Rfd8 21. Nf2 1/2-1/2

[Event "Mittelrhein Verbandsliga-O 15/16"]
[Site "Nordrheinwestfalen"]
[Date "2015.09.06"]
[Round "1"]
[White "Fleischer, Uwe"]
[Black "Klapp, Juergen"]
[Result "1/2-1/2"]
[WhiteElo "1819"]
[BlackElo "1811"]
[PlyCount "51"]
[EventDate "2015.09.06"]
[EventType "team-tourn"]
[EventRounds "11"]
[EventCountry "GER"]
[SourceTitle "EXT 2022"]
[Source "ChessBase"]
[SourceDate "2021.10.06"]
[SourceVersion "1"]
[SourceVersionDate "2021.10.06"]
[SourceQuality "1"]
[WhiteTeam "Lohmar"]
[BlackTeam "Bruehl III"]
[WhiteTeamCountry "GER"]
[BlackTeamCountry "GER"]

1. d4 Nf6 2. c4 g6 3. Nc3 d5 4. cxd5 Nxd5 5. e4 Nxc3 6. bxc3 Bg7 7. Nf3 c5 8. Bc4 e6 9. 0-0 Qa5 10. Qb3 0-0 11. Be3 Nc6 12. Rfd1 cxd4 13. cxd4 Qb4 14. Qxb4 Nxb4 15. Rac1 b5 16. Bxb5 Nxa2 17. Rc2 Nb4 18. Rc4 a5 19. Ra1 Bb7 20. Nd2 Rfc8 21. Rxc8+ Bxc8 22. Nb3 Nc2 23. Rxa5 Rxa5 24. Nxa5 Nxd4 25. Nc6 Nxb5 26. Ne7+ 1/2-1/2